Derecho del Trabajo y razón crítica: Libro dedicado al profesor Manuel Carlos Palomeque López en su vigésimo quinto aniversario como catedrático

Salvato in:
Dettagli Bibliografici
Autore principale: Villa Gil, Luis Enrique de la (Autore)
Natura: Libro
Lingua:spagnolo
Pubblicazione: Salamanca Caja Duero 2004
Salamanca Témpora 2004
Edizione:1a. ed
Soggetti:
Tags: Aggiungi Tag
Nessun Tag, puoi essere il primo ad aggiungerne!!

MARC

LEADER 00000nam a2200000 a 4500
001 UCG2014
003 CL-VaPUC
008 100603e20040000SP |||||||||||||||||spa|d
082 0 4 |a 344.4601  |b VIL  |2 21 
100 |a Villa Gil, Luis Enrique de la  |e author  |9 550196 
245 1 0 |a Derecho del Trabajo y razón crítica: Libro dedicado al profesor Manuel Carlos Palomeque López en su vigésimo quinto aniversario como catedrático 
250 |a 1a. ed 
300 |a 518 p 
942 |c BK 
945 |d 20100603 00:00:00  |a dcastane 
260 |a Salamanca  |b Caja Duero  |c 2004 
260 |a Salamanca  |b Témpora  |c 2004 
650 7 |a DERECHO LABORAL  |2 CL-VaPUC  |9 15 
650 0 |a Jurisprudencia  |9 255952 
650 0 |a Contratos  |9 255153 
650 0 |a Filosofía del derecho   |9 255050 
650 0 |a Negociación colectiva  |9 312433 
583 |a last modification  |c 20130326 10:33:48  |k Rodrigo Vera 
999 |c 341257  |d 341255 
952 |0 0  |1 0  |4 0  |6 344_460100000000000_VIL_2004_2004  |7 0  |8 A  |9 436629  |a BIBDER  |b BIBDER  |d 2019-11-22  |i 4683900  |o 344.4601 VIL 2004 2004  |p 4683900  |r 2023-01-25  |w 2019-11-22  |y BK  |k DER